STRUCTURED COMPUTER ORGANIZATION (Record no. 8829)
[ view plain ]
| 000 -LEADER | |
|---|---|
| fixed length control field | 00557nam a22001697a 4500 |
| 003 - CONTROL NUMBER IDENTIFIER | |
| control field | SGT |
| 020 ## - INTERNATIONAL STANDARD BOOK NUMBER | |
| International Standard Book Number | 9788120347205 |
| 082 ## - DEWEY DECIMAL CLASSIFICATION NUMBER | |
| Classification number | 005.1,TAN |
| 100 ## - MAIN ENTRY--PERSONAL NAME | |
| Personal name | TANENBAUM,ANDREW S. |
| 245 ## - TITLE STATEMENT | |
| Title | STRUCTURED COMPUTER ORGANIZATION |
| 250 ## - EDITION STATEMENT | |
| Edition statement | 6TH |
| 260 ## - PUBLICATION, DISTRIBUTION, ETC. (IMPRINT) | |
| Place of publication, distribution, etc | NEW DELHI |
| Name of publisher, distributor, etc | PHI |
| Year of Publication | 2013 |
| 300 ## - PAGE DESCRIPTION | |
| No. of Pages | 769 |
| 650 ## - SUBJECT ADDED ENTRY--TOPICAL TERM | |
| Topical term or geographic name as entry element | STRUCTURED COMPUTER ORGANIZATION |
| 653 ## - KEYWORDS--INDEX TERM | |
| Keyword term | COMPUTER SYSTEMS, THE DIGITAL LOGIC LEVEL, THE MICRO ARCHITECTURE LEVEL, THE INSTRUCTION SET, THE OPERATING SYSTEM THE ASSEMBLY LANGUAGE LEVEL, PARALLEL COMPUTER ARCHITECTURES, |
| 942 ## - ADDED ENTRY ELEMENTS (KOHA) | |
| Source of classification or shelving scheme | Dewey Decimal Classification |
| Koha item type | FCM Books |
| Withdrawn status | Lost status | Source of classification or shelving scheme | Damaged status | Not for loan | Home library | Current library | Shelving location | Date acquired | Vendor Name | Cost, normal purchase price | SGTU | Bill Number | Total Checkouts | Full call number | Accession No. (Barcode) | Date last seen | Bill Date | Koha item type | Date last borrowed |
|---|---|---|---|---|---|---|---|---|---|---|---|---|---|---|---|---|---|---|---|
| Dewey Decimal Classification | SGT Science & Social Sciences Library | SGT Science & Social Sciences Library | Text Book | 30/05/2016 | TBH, NEW DELHI | 550.00 | SGTU | 8777 | 005.1,TAN | CM15 | 30/05/2016 | FCM Books | |||||||
| Dewey Decimal Classification | SGT Science & Social Sciences Library | SGT Science & Social Sciences Library | Text Book | 30/05/2016 | TBH, NEW DELHI | 550.00 | SGTU | 8777 | 1 | 005.1,TAN | CM16 | 14/10/2019 | FCM Books | 19/09/2019 |